000 00694nam a2200205Ia 4500
999 _c50132
_d50132
001 17070
003 GE_BSU
005 20240619104107.0
008 181216s1954||||ge |||||||||||||| ||geo||
040 _cGE_BSU
041 _ageo
080 _a821.353.1-1 ა-14
100 _aაბაშიძე, ი.
_92742
245 _aრჩეული /
_cი აბაშიძე; რედ.შ.სულაბერიძე. მხ.ვ.ავალიანი.
264 _aთბილისი :
_bსახელგამი,
_c1954.
300 _a361 გვ. :
_b1ფ. პორტრ. ;
_c20 სმ.
653 _aლექსები
653 _aრჩეული
942 _cBK
_2udc